| 000 | 00726nam a2200241 a 4500 | ||
|---|---|---|---|
| 001 | 000013721 | ||
| 005 | 20200929163326.0 | ||
| 008 | 091127s1974 sp 000 f spa d | ||
| 020 | _a8423308359 | ||
| 040 |
_aDO-SdBNP _bspa _cBNPHU |
||
| 082 |
_a863.64 _bG216r, 1974 |
||
| 100 | 1 |
_aGarcía Blázquez, José Antonio, _d1940- _931163 |
|
| 245 | 1 | 3 |
_aEl rito / _cJosé Antonio García Blázquez. |
| 250 | _a5a ed. | ||
| 260 |
_aBarcelona : _bDestino, _c1974. |
||
| 300 |
_a233 p. ; _c19 cm. |
||
| 490 | 1 |
_aÁncora y Delfín _v440 |
|
| 586 | _aPremio Eugenio Nadal, 1973 | ||
| 650 | 4 |
_aNovela española _91123 |
|
| 650 | 4 |
_aLiteratura española _ySIGLO XX _93326 |
|
| 830 | 0 |
_aÁncora y Delfín ; _v440 _95000 |
|
| 049 | _aBNGR | ||
| 999 |
_c13334 _d13334 |
||